Представление документа в формате RUSMARC

Поле Инд. ПП Название Значение
Тип записи a
Библиографический уровень m
001 _ Контрольный номер RU\infra-m\znanium\bibl\2066409
003 _ Постоянный идентификатор записи https://znanium.com/catalog/document?id=435560
005 _ Дата корректировки 20240903131326.8
010 a ISBN 978-5-00156-319-8
010 a ISBN 978-5-16-111713-2
b Уточнения электр. издание
010 a ISBN 978-5-16-018837-9
b Уточнения ISBN соиздателя
100 a Данные общей обработки 20230912d2023 m y0rusy0150 ca
101 0_ a Язык текста rus
102 a Страна публикации RU
200 1_ a Заглавие Финансовое право
e Сведения, относящиеся к заглавию Учебник
f Первые сведения об ответственности Московский государственный юридический университет им. О.Е. Кутафина
g Последующие сведения об ответственности Московский государственный юридический университет им. О.Е. Кутафина
g Последующие сведения об ответственности Московский государственный институт международных отношений (университет) Министерства иностранных дел Российской Федерации
205 a Основные сведения об издании 6
b Дополнительные сведения об издании испр. и доп.
210 1_ a Место издания Москва
c Издательство ООО "Юридическое издательство Норма"
d Дата издания 2023
215 a Объем 256 с.
225 1_ a Серия Ab ovo
330 a Аннотация Учебник написан в соответствии с программой и тематическим планом изучения курса финансового права в образовательных организациях среднего профессионального образования. Он подготовлен на основе Конституции РФ 1993 г. Бюджетного Налогового и Гражданского кодексов других нормативных правовых актов регулирующих финансовые отношения в Российской Федерации с учетом опыта работы финансовых институтов в последние годы. Для обучающихся в образовательных организациях среднего профессионального образования.
333 a Примечание о целевом назначении Среднее профессиональное образование
606 a Основная рубрика Право. Юридические науки
x Основная подрубрика Финансовое право
2 Код системы local
608 a Жанр/форма Учебник
2 Код системы local
675 a Индекс УДК 347.73(470+571) (075.32)
z Язык издания rus
686 a Систематический индекс 67.402(2Рос)я723-1
2 Код системы rubbk
686 a Систематический индекс 40.02.04
2 Код системы okso
686 a Систематический индекс 40.03.01
2 Код системы okso
686 a Систематический индекс 44.03.05
2 Код системы okso
700 _1 a Фамилия Грачева
b Имя Е.Ю.
g Полное личное имя Елена Юрьевна
p Наименование/ адрес организации Московский государственный юридический университет им. О.Е. Кутафина
701 _1 a Фамилия Соколова
b Имя Э.Д.
g Полное личное имя Эльвира Дмитриевна
p Наименование/ адрес организации Финансовый университет при Правительстве Российской Федерации
712 02 a Организация/ юрисдикция Московский государственный юридический университет им. О.Е. Кутафина
712 02 a Организация/ юрисдикция Московский государственный институт международных отношений (университет) Министерства иностранных дел Российской Федерации
801 _0 a Страна RU
b Организация Общество с ограниченной ответственностью «ЗНАНИУМ»
c Дата составления 20230517
2 Код формата rusmarc
856 4_ a Внешний URL ресурс znanium.com
m Координаты для получения помощи по доступу ebs_support@infra-m.ru
n Название местонахождения сервера НИЦ ИНФРА-М
u URL https://znanium.com/catalog/document?id=435560
856 41 a Внешний URL ресурс znanium.com
d Путь (Path) /cover/2066
f Электронное имя 2066409.jpg
q Тип электронного формата image/jpeg
u URL https://znanium.com/cover/2066/2066409.jpg